| 000 | 00859cab a2200265 4500 | ||
|---|---|---|---|
| 001 | ABS59677 | ||
| 008 | 090401t1998 xxu||||| |||| 00| 0 eng d | ||
| 035 | _a(Sirsi) u89777 | ||
| 041 | _aeng | ||
| 100 | _aGarbett, C. | ||
| 245 | _aComputer countdown | ||
| 260 | _c1998 | ||
| 350 | _a0 | ||
| 490 |
_aValuer (ISVA) _v67(6) November/December 1998, 25(1) |
||
| 520 | _aOutlines the provisions of the Data Protection Act 1998 and assesses the impact of the European Monetary Union on the UK business community with special emphasis on information technology. | ||
| 650 | _aBS 7799 | ||
| 650 | _aCOMPUTERS | ||
| 650 | _aDATA PROTECTION ACT 1998 | ||
| 650 | _aDATA PROTECTION | ||
| 650 | _aEUROPEAN MONETARY UNION | ||
| 650 | _aMILLENNIUM | ||
| 690 | _aMANAGEMENT-BUSINESS MANAGEMENT-INFORMATION MANAGEMENT | ||
| 942 | _n0 | ||
| 948 | _c18/11/1998 | ||
| 999 |
_c56828 _d56828 |
||